[Event "Olympiad-31"]
[Site "Moscow"]
[Date "1994.12.05"]
[Round "5.3"]
[White "Samer, M Ibrahim"]
[Black "Skalli, Kamel"]
[Result "1-0"]
[WhiteElo "2270"]
[BlackElo "2235"]
[PlyCount "80"]
[EventDate "1994.12.01"]
[EventType "team-swiss"]
[EventRounds "14"]
[EventCountry "RUS"]
[SourceTitle "CBM 045"]
[Source "ChessBase"]
[SourceDate "1995.04.01"]
[SourceVersion "1"]
[SourceVersionDate "1995.04.01"]
[SourceQuality "1"]
[WhiteTeam "Iraq"]
[BlackTeam "Morocco"]
[WhiteTeamCountry "IRQ"]
[BlackTeamCountry "MAR"]

1. e4 e5 2. Nf3 Nc6 3. Bb5 a6 4. Ba4 Nf6 5. Qe2 Be7 6. c3 b5 7. Bb3 0-0 8. 0-0 d5 9. d3 Bg4 10. h3 Bxf3 11. Qxf3 dxe4 12. dxe4 Na5 13. Bc2 Qd6 14. Re1 Rad8 15. Nd2 Qc6 16. Nf1 Nc4 17. Ng3 g6 18. a3 Rd7 19. Nf1 Rfd8 20. g4 a5 21. b3 Nd6 22. Bg5 Nde8 23. b4 a4 24. Rac1 Ng7 25. Bb1 Qe6 26. Re2 h5 27. Ne3 hxg4 28. hxg4 Nge8 29. Ba2 Qb6 30. Kg2 Bf8 31. Nd5 Nxd5 32. exd5 Rc8 33. Rxe5 Nd6 34. Rh1 Bg7 35. Ree1 Re8 36. Qh3 Rxe1 37. Qh7+ Kf8 38. Rxe1 f5 39. Bh6 Ne4 40. Bxg7+ Rxg7 1-0

[Event "Budapest IM"]
[Site "Budapest"]
[Date "1991.??.??"]
[Round "12"]
[White "Samer, M Ibrahim"]
[Black "Koch, Thomas"]
[Result "1/2-1/2"]
[WhiteElo "2330"]
[BlackElo "2335"]
[PlyCount "34"]
[EventDate "1991.??.??"]
[EventType "tourn"]
[EventRounds "13"]
[EventCountry "HUN"]
[EventCategory "4"]
[SourceTitle "EXT 1997"]
[Source "ChessBase"]
[SourceDate "1996.11.15"]
[SourceVersion "1"]
[SourceVersionDate "1996.11.15"]
[SourceQuality "1"]

1. e4 c5 2. Nf3 d6 3. d4 cxd4 4. Nxd4 Nf6 5. Nc3 a6 6. Bc4 e6 7. Be3 b5 8. Bb3 b4 9. Na4 Nxe4 10. Qg4 d5 11. 0-0-0 Nf6 12. Qg3 Bb7 13. Rhe1 Ne4 14. Qg4 Nf6 15. Qg3 Ne4 16. Qg4 Nf6 17. Qg3 Ne4 1/2-1/2

[Event "Budapest IM"]
[Site "Budapest"]
[Date "1991.??.??"]
[Round "10"]
[White "Samer, M Ibrahim"]
[Black "Kostic, Vladimir G"]
[Result "0-1"]
[WhiteElo "2330"]
[BlackElo "2375"]
[PlyCount "58"]
[EventDate "1991.??.??"]
[EventType "tourn"]
[EventRounds "13"]
[EventCountry "HUN"]
[EventCategory "4"]
[SourceTitle "EXT 1997"]
[Source "ChessBase"]
[SourceDate "1996.11.15"]
[SourceVersion "1"]
[SourceVersionDate "1996.11.15"]
[SourceQuality "1"]

1. e4 c5 2. Nf3 Nc6 3. d4 cxd4 4. Nxd4 Nf6 5. Nc3 d6 6. Bc4 Qb6 7. Nb3 a6 8. a4 Qb4 9. Bd3 d5 10. a5 Bg4 11. f3 dxe4 12. Ra4 Qd6 13. Nxe4 Nxe4 14. Bxe4 Qxd1+ 15. Kxd1 0-0-0+ 16. Ke2 Bd7 17. Nc5 Be8 18. Rd1 Rxd1 19. Kxd1 e6 20. Be3 Bd6 21. f4 f5 22. Bf3 e5 23. Bd5 exf4 24. Be6+ Kc7 25. Rxf4 Bh5+ 26. Kc1 Re8 27. Rxf5 Bg6 28. Rd5 Nb4 29. Nxa6+ bxa6 0-1

[Event "Budapest IM"]
[Site "Budapest"]
[Date "1991.??.??"]
[Round "4"]
[White "Samer, M Ibrahim"]
[Black "Vujadinovic, Goran"]
[Result "1-0"]
[WhiteElo "2330"]
[BlackElo "2360"]
[PlyCount "83"]
[EventDate "1991.??.??"]
[EventType "tourn"]
[EventRounds "13"]
[EventCountry "HUN"]
[EventCategory "4"]
[SourceTitle "EXT 1997"]
[Source "ChessBase"]
[SourceDate "1996.11.15"]
[SourceVersion "1"]
[SourceVersionDate "1996.11.15"]
[SourceQuality "1"]

1. e4 g6 2. d4 d6 3. Nc3 Bg7 4. Be2 Nc6 5. Be3 Nf6 6. h4 h5 7. f3 a6 8. Qd2 e5 9. dxe5 dxe5 10. 0-0-0 Qxd2+ 11. Rxd2 Be6 12. Nh3 Bxh3 13. Rxh3 Bh6 14. Bxh6 Rxh6 15. Nd1 Rh8 16. Ne3 Rd8 17. Rxd8+ Nxd8 18. Rh1 Ke7 19. Rd1 Ne6 20. Nc4 Nd4 21. Bf1 Nc6 22. c3 Rd8 23. Rxd8 Kxd8 24. b4 Nd7 25. a4 Ke7 26. a5 Nd8 27. Ne3 c5 28. b5 axb5 29. Bxb5 Nb8 30. g4 Nbc6 31. Nc4 f6 32. gxh5 gxh5 33. Kc2 Na7 34. Ba4 Ne6 35. Ne3 Nf4 36. Kb3 Nd3 37. Nf5+ Ke6 38. Be8 Nf4 39. Kc4 Ne2 40. Kxc5 Nc8 41. Bxh5 Nxc3 42. Bg4 1-0